<?xml version="1.0" encoding="UTF-8"?>
<record
    xmlns:xsi="http://www.w3.org/2001/XMLSchema-instance"
    xsi:schemaLocation="http://www.loc.gov/MARC21/slim http://www.loc.gov/standards/marcxml/schema/MARC21slim.xsd"
    xmlns="http://www.loc.gov/MARC21/slim">

  <leader>01456nam a2200169 a 4500</leader>
  <controlfield tag="001">000046316</controlfield>
  <controlfield tag="005">20201002052802.0</controlfield>
  <controlfield tag="008">150723s1998    dr ac         000 0 spa d</controlfield>
  <datafield tag="040" ind1=" " ind2=" ">
    <subfield code="a">DO-SdBNP</subfield>
    <subfield code="b">spa</subfield>
    <subfield code="c">BNPHU</subfield>
  </datafield>
  <datafield tag="100" ind1="1" ind2=" ">
    <subfield code="a">Sandoval y Gonz&#xE1;lez, H&#xE9;ctor Antonio</subfield>
    <subfield code="9">36515</subfield>
  </datafield>
  <datafield tag="245" ind1="1" ind2="0">
    <subfield code="a">Matem&#xE1;tica :</subfield>
    <subfield code="b">educaci&#xF3;n media /</subfield>
    <subfield code="c">H&#xE9;ctor Antonio Sandoval y Gonz&#xE1;lez.</subfield>
  </datafield>
  <datafield tag="260" ind1=" " ind2=" ">
    <subfield code="a">Santo Domingo :</subfield>
    <subfield code="b">Educando,</subfield>
    <subfield code="c">1998.</subfield>
  </datafield>
  <datafield tag="300" ind1=" " ind2=" ">
    <subfield code="a">v. :</subfield>
    <subfield code="b">il., retrs. ;</subfield>
    <subfield code="c">28 cm.</subfield>
  </datafield>
  <datafield tag="500" ind1=" " ind2=" ">
    <subfield code="a">Acorde con la nueva modalidad constructivista e interaccionista</subfield>
  </datafield>
  <datafield tag="505" ind1="0" ind2=" ">
    <subfield code="a">v. I-1 :</subfield>
    <subfield code="g">Primer grado del primer ciclo --</subfield>
    <subfield code="g">unidad 1 --</subfield>
    <subfield code="t">Introducci&#xF3;n a la l&#xF3;gica proposicional --</subfield>
    <subfield code="g">unidad 2 --</subfield>
    <subfield code="t">Conjuntos y proposiciones --</subfield>
    <subfield code="g">unidad 3 --</subfield>
    <subfield code="t">El algebra y sus operaciones --</subfield>
    <subfield code="g">unidad 4 --</subfield>
    <subfield code="t">Ecuaciones e inecuaciones en una variable --</subfield>
    <subfield code="g">unidad 5 --</subfield>
    <subfield code="t">El mundo de la geometr&#xED;a --</subfield>
    <subfield code="g">unidad 6 --</subfield>
    <subfield code="t">Conjunto de nos n&#xFA;meros reales --</subfield>
    <subfield code="g">unidad 7 --</subfield>
    <subfield code="t">Conjunto de los n&#xFA;meros complejos --</subfield>
    <subfield code="g">unidad 8 --</subfield>
    <subfield code="t">Introducci&#xF3;n a la estad&#xED;stica --</subfield>
  </datafield>
  <datafield tag="505" ind1="0" ind2=" ">
    <subfield code="a">v. II-1 :</subfield>
    <subfield code="g">Segundo grado del primer ciclo --</subfield>
    <subfield code="g">unidad 1 --</subfield>
    <subfield code="t">Demostraciones l&#xF3;gicas --</subfield>
    <subfield code="g">unidad 2 --</subfield>
    <subfield code="t">Ley de composici&#xF3;n interna y estructura algebraica --</subfield>
    <subfield code="g">unidad 3 --</subfield>
    <subfield code="t">Conceptos geom&#xE9;tricos --</subfield>
    <subfield code="g">unidad 4 --</subfield>
    <subfield code="t">Los cuadrilateros y poligono general --</subfield>
    <subfield code="g">unidad 5 --</subfield>
    <subfield code="t">Relaciones y funciones --</subfield>
    <subfield code="g">unidad 6 --</subfield>
    <subfield code="t">Ecuaciones e inecuaciones --</subfield>
    <subfield code="g">unidad 7 --</subfield>
    <subfield code="t">Trigonometr&#xED;a --</subfield>
    <subfield code="g">unidad 8 --</subfield>
    <subfield code="t">Transformaciones geom&#xE9;tricas --</subfield>
    <subfield code="g">unidad 9 --</subfield>
    <subfield code="t">Organizaci&#xF3;n y analisis de datos --</subfield>
  </datafield>
  <datafield tag="952" ind1=" " ind2=" ">
    <subfield code="0">0</subfield>
    <subfield code="1">0</subfield>
    <subfield code="7">1</subfield>
    <subfield code="8">PD</subfield>
    <subfield code="a">GR</subfield>
    <subfield code="b">GR</subfield>
    <subfield code="c">HD</subfield>
    <subfield code="d">2015-07-23</subfield>
    <subfield code="i">LF1</subfield>
    <subfield code="l">0</subfield>
    <subfield code="o"> </subfield>
    <subfield code="p">46316-10</subfield>
    <subfield code="r">2020-06-25</subfield>
    <subfield code="w">2020-06-25</subfield>
    <subfield code="y">LFPD</subfield>
    <subfield code="Z">No se presta</subfield>
  </datafield>
  <datafield tag="999" ind1=" " ind2=" ">
    <subfield code="c">45805</subfield>
    <subfield code="d">45805</subfield>
  </datafield>
</record>
